000 00284nam a2200121Ia 4500
008 190216s9999||||xx |||||||||||||| ||und||
100 _aSanwamal Sanganeria
245 0 _aHindi-Apna Kshyitij Apna Suraj
260 _bShilpadan
_c2008
300 _a221
650 _aHindi
942 _cBK
999 _c16647
_d16647